000 00495nam a2200181Ia 4500
008 230524s9999 xx 000 0 und d
020 _a9780070618480
082 _a658.401
_bGRY
100 _aFrank M.Gryna
245 0 _a"Juran's Quality Planning & Analysis for Enterprise Quality,"
250 _a5TH
260 _aNEW DELHI
_bTMH
_c2009
300 _aXXVI;760
500 _aQuantity Number: 2
650 _aManagement
700 _a" Richard C.H.Chua , Joseph A.Defeo,,,"
942 _cBK
999 _c45149
_d45149